Diálogo de la lengua

שמור ב:
מידע ביבליוגרפי
מחבר ראשי: Valdés, Juan de (Author)
פורמט: ספר
שפה:ספרדית
יצא לאור: Zaragoza Ebro 1954
מהדורה:3a. ed
סדרה:Biblioteca Clásica Ebro. Clásicos Españoles
נושאים:
תגים: הוספת תג
אין תגיות, היה/י הראשונ/ה לתייג את הרשומה!

MARC

LEADER 00000nam a2200000 a 4500
001 UCH7010
003 CL-VaPUC
008 091109e19540000SP |||||||||||||||||spa|d
082 0 4 |a 865  |b VAL  |2 21 
100 0 |a Valdés, Juan de  |e author  |9 321397 
245 1 0 |a Diálogo de la lengua 
250 |a 3a. ed 
300 |a 134 p 
942 |c BK 
945 |d 20091109 00:00:00  |a lazolas 
260 |a Zaragoza  |b Ebro  |c 1954 
650 7 |a ORATORIA ESPAÑOLA  |2 CL-VaPUC  |9 321291 
650 7 |a DIALOGOS ESPAÑOLES  |2 CL-VaPUC  |9 321486 
650 0 |a Literatura española  |9 306261 
650 0 |a Fonética  |9 308371 
650 0 |a Gramática  |9 270497 
650 0 |a Lexicografía  |9 321487 
650 0 |a Lingüística  |9 265068 
583 |a last modification  |c 20091109 00:00:00  |k Rodrigo Vera 
490 0 |a Biblioteca Clásica Ebro. Clásicos Españoles 
999 |c 337779  |d 337777